| 000 | 00918nam0a2200301 4500 | ||
|---|---|---|---|
| 001 | RU\NLR\bibl\1843600 | ||
| 005 | 20250616173105.0 | ||
| 010 |
_a978-5-88422-446-9 _91000 |
||
| 021 |
_aRU _b2011-91930 _96584 |
||
| 035 | _a(NLR Aleph) 001834045 | ||
| 090 |
_a2179398 _c2179398 |
||
| 100 | _a20111206d2011 |||y0rusy50 ca | ||
| 101 | 0 | _arus | |
| 102 | _aRU | ||
| 105 | _aa z||||||z| | ||
| 200 | 1 |
_aВременный мир _fЕлена Живова |
|
| 210 |
_aТула _cИП Будько В.О. _d2011 |
||
| 215 |
_a226 с. _cил. _d17 |
||
| 686 | 2 | _aШ6(2=Р)8-445 | |
| 700 | 1 |
_4070 _7ca _8rus _aЖивова _bЕ. В. _f1972- _gЕлена Владимировна _9236944 _3RU\NLR\AUTH\770237000 |
|
| 801 | 0 |
_aRU _bNLR _c20111206 _gRCR |
|
| 801 | 1 |
_aRU _bNLR _c20111206 |
|
| 942 | _cBOOK | ||
| 980 | _aNB | ||
| 980 | _aNBR | ||